Responses for Show #5867 - Tuesday, March 2, 2010

Contestants

[<< previous game]

Julia Brown, an architect from Hollywood, California

Jesse Achtenberg, a documentary filmmaker from Washington, D.C.

Amy Tyszkiewicz, a Ph.D. student in chemical biology from Sayreville, New Jersey (whose 1-day cash winnings total $14,200)

[next game &gt;&gt;]

Jeopardy! Round responses

MESSAGE IN A BATTLE
STATE OF PLAY
(Alex: I'll name some professional teams for you, you give me their home state.)
HAIR-Y SITUATION
HEY THERE, MUSCLES
YOUR WEAPON OF CHOICE
MORE THAN ONE MEANING
    $200 16
Yorktown

Jesse
    $200 12
Illinois

Julia
    $200 6
a bun

Amy
    $200 11
the abs

Julia
    $200 21
a samurai sword

Julia
    $200 1
broken out

Julia
    $400 17
the Roman Empire

Amy
    $400 13
California

Jesse
    $400 7
dreads (or dreadlocks)

Julia
    $400 18
the diaphragm

Julia
    $400 26
a bayonet

Julia
    $400 2
glasses

Amy
    $600 14
Tet

Jesse
    $600 19
Colorado

Julia
    $600 8
a pompadour

Amy
    $2,000 23
the biceps

Amy
    $600 27
a tank

Julia
    $600 3
a pilot

Julia
    $800 15
(Jesse: Who is... [Sighs] James.)
(Alex: Oh, too much time.)

Bonnie Prince Charlie

Jesse
Triple Stumper
    $800 20
Minnesota

Amy
    $800 9
a mullet

Amy
    $800 24
the gluteus maximus

Julia
    $800 28
(James) Bowie

Jesse
    $800 4
Cut it out!

Julia
    $1000 29
(Jesse: What is B-2?)
(Amy: What are B-12?)
...
(Alex: I think you both named vitamins. [*] is the bomber.)

B-17

AmyJesse
Triple Stumper
    $1000 22
North Carolina

Amy
    $1000 10
Vidal Sassoon

Amy
    $1000 25
the trapezius

Julia
    $1000 30
dagger

Jesse
    $1000 5
she got held up

Amy

Scores at the first commercial break (after clue 15):

Amy Jesse Julia
$4,000 $200 $2,400

Scores at the end of the Jeopardy! Round:

Amy Jesse Julia
$7,200 $1,200 $6,400

Double Jeopardy! Round responses

MASSAGE IN A BOTTLE
BIBLICAL BIG SCREEN
WHERE AM I?
THE NAACP SPINGARN MEDAL WINNERS
NAME THE SHAKESPEARE PLAY
THE "POST" CATEGORY
    $400 20
vitamin E

Amy
    $400 25
Cain

Jesse
    $400 6
Mount Vernon

Julia
    $400 30
Colin Powell

Julia
    $400 5
Romeo and Juliet

Julia
    $400 9
to postpone

Amy
    $800 21
cocoa butter

Jesse
    $800 14
Jesus Christ Superstar

Julia
    $800 7
Berkeley

Julia
    $800 26
Alex Haley

Julia
    $800 4
Macbeth

Jesse
    $800 10
a postmark

Jesse
    $1200 22
lavender

Julia
    $1200 11
The Greatest Story Ever Told

Jesse
    $1200 8
Pennsylvania

Amy
    $1200 27
Thurgood Marshall

Jesse
    $1200 1
Othello

Jesse
    $1200 15
a four-poster bed

Jesse
    $1600 23
rosemary

Triple Stumper
    $1600 12
(Jesse: Who is James Cagney?)

Edward G. Robinson

Jesse
Triple Stumper
    $1600 18
(Jesse: What is Nevada?)

New Mexico

Jesse
Triple Stumper
    $1600 28
Maya Angelou

Julia
    $1,000 2
(Alex: "And he turned me down." Yes.)

Julius Caesar

Jesse
    $1600 16
postprandial

Julia
    $2000 24
aromatherapy

Jesse
    $2,000 13
The Last Temptation of Christ

Jesse
    $2000 19
(Jesse: What is Florida?)

Quantico

Jesse
Triple Stumper
    $2000 29
(Medgar) Evers

Amy
    $2000 3
The Tempest

Jesse
    $2000 17
post-consumer waste

Jesse

Scores at the end of the Double Jeopardy! Round:

Amy Jesse Julia
$11,200 $12,600 $14,400

[wagering suggestions for these scores]

Final Jeopardy! Round responses

FOOD TRADITIONS
(Alex: Yep, they get to bring home a side of [*].)
AmyWhat is the bacon?
$10,000
JesseWhat is bacon?
$12,600
JuliaWhat is the BAC
$11,000
the bacon

Final scores:

Amy Jesse Julia
$21,200 $25,200 $3,400
2nd place: $2,000 New champion: $25,200 3rd place: $1,000

Game dynamics:

Coryat scores:

Amy Jesse Julia
$9,800 $13,200 $14,400
14 R
(including 1 DD),
1 W
18 R
(including 2 DDs),
5 W
22 R,
0 W

Combined Coryat: $37,400

[game clues] [game scores] [suggest correction]

Game tape date: 2009-12-08
The J! Archive is created by fans, for fans. Scraping, republication, monetization, and malicious use prohibited; this site may use cookies and collect identifying information. See terms. The Jeopardy! game show and all elements thereof, including but not limited to copyright and trademark thereto, are the property of Jeopardy Productions, Inc. and are protected under law. This website is not affiliated with, sponsored by, or operated by Jeopardy Productions, Inc. Join the discussion at JBoard.tv.